Представление документа в формате MARC21

Поле Инд. ПП Название Значение
Тип записи a
Библиографический уровень m
001 Контрольный номер RU/IS/BASE/345204171
005 Дата корректировки 20140225223606.1
008 Кодируемые данные 100803s2009 RU a j 000 1 rus u
040 a Служба первич. каталог. НБ ТвГУ
041 a Код языка текста rus
044 a Код страны публикации RU
080 a Индекс УДК 517.54(075.8)
084 a Индекс другой классификации/Индекс ББК В161.55я73-1
090 a Полочн. индекс 517.2
x Авторский знак М 27
100 1_ a Автор Маркушевич Алексей Иванович
q Полное имя Маркушевич А. И.
245 10 a Заглавие Теория аналитических функций
b Продолж. заглавия учебник : [в 2 т.]
n Номер части/ раздела Т. 1
p Название части/ раздела Начала теории
250 a Основные сведения об издании 2-е изд.
260 a Место издания Москва
b Издательство Наука
c Дата издания 1967
300 a Объем 486 с.
b Иллюстрации/ тип воспроизводства ил.
504 a Библиография Библиогр.: с. 479-481
504 a Библиография Предм. указ.: с. 482-486
653 a Ключевые слова Аналитические функции
a Ключевые слова Математика
a Ключевые слова Теория аналитических функций
a Ключевые слова Теория функций
a Ключевые слова Учебники для вузов
a Ключевые слова Функции (мат.)
901 t Тип документа m
920 a Оператор Шалы
a Оператор ВлЕИ
930 a Новая/Ретро учебники
952 c Вид литературы К ру
954 a Дата поступления на обработку 20101209